01064nam a2200229 a 450000500170000002000330001704000340005008200170008410000150010124500380011626000380015430000340019250400200022650501350024652003100038154600090069165000350070065000230073565000490075865000120080770000150081920251007082737.0 a9780421566507cTZS 102,232/= aMCCLbeng.eAACR 2nd rev. ed. a344. 052 SHA1 aShaw, Noel10aEffective advocacy c/ Noel Shaw. aLondon :bSweet & Maxwell,c2010. axii, 191 p. :bill. ;c22 cm. aIncludes index. aCh. 1. Evidence and Procedure Ch. 2. Criminal Trial Defence Ch. 3. Criminal Trial Prosecution Ch. 4. Remands Ch. 5. Civil Hearings aThis is a guide to a range of evidential and procedural matters that trainees and newly qualified lawyers encounter. The author identifies problem areas, including questioning techniques, eliciting evidence without leading, examination-in-chief, identification of hearsay evidence, and advising on a plea. aeng. 0aTrial practicezGreat Britain. 0aCriminal procedure 0aRepresentation in administrative proceedings 0aLawyers aShaw, Noel